Szczegóły MARC21

A course in multivariable calculus and analysis /

003 -Nazwa inst., której nr kontr. jest w polu 001 [,]
    • @
    • Nazwa instytucji, której n kontrolny jest w polu 001
    • NUKAT
005 -DATA I CZAS OSTATNIEJ MODYFIKACJI [,]
    • @
    • pole kontrolne
    • 20241231110309.0
020 -Międzynarod. znormalizowany nr książki - ISBN [ , ]
    • a
    • Numer ISBN
    • 9781441916204 Find
020 -Międzynarod. znormalizowany nr książki - ISBN [ , ]
    • a
    • Numer ISBN
    • 9781441916211 Find
    • q
    • Dopowiedzenie
    • e-ISBN
040 -Instytucja sporządzająca opis [ , ]
    • a
    • Instytucja, która sporządziła opis (NP)
    • KAT U/MB
    • c
    • Instytucja, która sporządziła rekord (NP)
    • KAT U/MB
    • d
    • Instytucja, która zmodyfikowała rekord (P)
    • KAT U/DB
    • d
    • Instytucja, która zmodyfikowała rekord (P)
    • TOR U/WS
942 -Rodzaj dokumentu [ , ]
    • c
    • Rodzaj dokumentu
    • Książka
100 -Hasło główne - nazwa osobowa [1, ]
    • a
    • Nazwa osobowa (NP)
    • Ghorpade, Sudhir
    • d
    • Daty biograficzne (NP)
    • (1963- ).
    • 9
    • KHW
    • 695889
245 -Strefa tytułu i oznaczenia odpowiedzialności [1,2]
    • a
    • Tytuł
    • A course in multivariable calculus and analysis / Find
    • c
    • Pozostałe elementy strefy tytułu i oznaczenia odpowiedzialności (NP)
    • Sudhir R. Ghorpade, Balmohan V. Limaye.
260 -Strefa adresu wydawniczego [ , ]
    • a
    • Miejsce wydania (P)
    • New York [etc.] :
    • b
    • Nazwa wydawcy (P)
    • Springer,
    • c
    • Data wydania (P)
    • cop. 2010.
300 -Strefa opisu fizycznego [ , ]
    • a
    • Określenie formy książki i/lub objętość (NP)
    • XII, 475 s. :
    • b
    • Oznaczenie ilustracji (NP)
    • il. ;
    • c
    • Format (NP)
    • 24 cm.
336 -Typ zawartości [ , ]
    • a
    • Termin opisujący typ zawartości
    • Tekst
    • b
    • Kod określający zawartość
    • txt
    • 2
    • Źródło (terminu i kodu)
    • rdacontent
337 -Typ mediów [ , ]
    • a
    • Tryb odtwarzania
    • Bez urządzenia pośredniczącego
    • b
    • Kod typu mediów
    • n
    • 2
    • Źródło (terminu i kodu)
    • rdamedia
338 -Typ/rodzaj nośnika [ , ]
    • a
    • Hasło opisujące typ nośnika
    • Wolumin
    • b
    • Kod typu nośnika
    • nc
    • 2
    • Źródło (terminu i kodu)
    • rdacarrier
490 -Strefa serii i książki wielotomowej - forma nie do wyszukiwania [1, ]
    • a
    • Tytuł (P)
    • Undergraduate Texts in Mathematics Find
830 -Hasło dodatkowe serii i opisu książki wielotomowej - tytuł ujednolicony/tytuł [ ,0]
    • a
    • Tytuł ujednolicony/tytuł (NP)
    • Undergraduate Texts in Mathematics
    • x
    • ISSN
    • 0172-6056
    • 9
    • KHW
    • 26911
504 -Uwaga dot. bibliogr. załącznikowej [ , ]
    • a
    • Uwaga dot. bibliografii załącznikowej
    • Bibliogr. s. 463-465. Indeks.
530 -Uwaga dot. innej postaci fizycznej dokumentu [ , ]
    • a
    • Uwaga dot. innej postaci fizycznej dokumentu
    • Dostępne również w formie elektronicznej.
080 -Uniwersalna Klasyfikacja Dziesiętna [ , ]
    • 2
    • Identyfikator wydania tablic
    • UDC-P058
    • 9
    • UKD
    • 4048
    • a
    • Symbol klasyfikacji
    • 517
    • b
    • Dopowiedzenie
    • Analiza matematyczna. Matematyczna teoria kontroli.
    • 4
    • UKD2
    • 7665
    • x
    • Poddział wspólny
    • (075.8)
    • c
    • Dopowiedzenie poddz. wspólnego
    • (Podręczniki dla szkół wyższych. Skrypty).
    • 4
    • UKD2
    • 7644
    • x
    • Poddział wspólny
    • =111
    • c
    • Dopowiedzenie poddz. wspólnego
    • =Język angielski.
080 -Uniwersalna Klasyfikacja Dziesiętna [ , ]
    • 2
    • Identyfikator wydania tablic
    • UDC-P058
    • 9
    • UKD
    • 4055
    • a
    • Symbol klasyfikacji
    • 517.53
    • b
    • Dopowiedzenie
    • Funkcje zmiennej zespolonej.
    • 4
    • UKD2
    • 7665
    • x
    • Poddział wspólny
    • (075.8)
    • c
    • Dopowiedzenie poddz. wspólnego
    • (Podręczniki dla szkół wyższych. Skrypty).
    • 4
    • UKD2
    • 7644
    • x
    • Poddział wspólny
    • =111
    • c
    • Dopowiedzenie poddz. wspólnego
    • =Język angielski.
080 -Uniwersalna Klasyfikacja Dziesiętna [ , ]
    • 2
    • Identyfikator wydania tablic
    • UDC-P058
    • 9
    • UKD
    • 4050
    • a
    • Symbol klasyfikacji
    • 517.2
    • b
    • Dopowiedzenie
    • Rachunek różniczkowy. Różniczkowanie.
    • 4
    • UKD2
    • 7665
    • x
    • Poddział wspólny
    • (075.8)
    • c
    • Dopowiedzenie poddz. wspólnego
    • (Podręczniki dla szkół wyższych. Skrypty).
    • 4
    • UKD2
    • 7644
    • x
    • Poddział wspólny
    • =111
    • c
    • Dopowiedzenie poddz. wspólnego
    • =Język angielski.
650 -Hasło przedmiotowe [ ,7]
    • a
    • Hasło przedmiotowe
    • Rachunek elementarny.
    • 2
    • Źródło terminu
    • kaba
    • 9
    • KHW
    • 127288
650 -Hasło przedmiotowe [ ,7]
    • a
    • Hasło przedmiotowe
    • Funkcje wielu zmiennych zespolonych.
    • 2
    • Źródło terminu
    • kaba
    • 9
    • KHW
    • 109580
980 -Symbol UKD [ , ]
    • a
    • UKD
    • 517:517.53:517.2](075.8)=111
700 -Hasło dodatkowe - nazwa osobowa [1, ]
    • a
    • Nazwa osobowa (NP)
    • Limaye, Balmohan Vishnu. Find
    • 9
    • KHW
    • 695888
710 -Hasło dodatkowe - nazwa ciała zbiorowego [2, ]
    • a
    • Nazwa ciała zbiorowego lub nazwa geograficzna jako pierwszy element (NP)
    • Springer Science+Business Media.
    • 4
    • Kod relacji
    • pbl
    • 9
    • KHW
    • 65740
856 -Dostęp do wersji elektronicznej [4,1]
    • z
    • Uwaga
    • Licencja krajowa
920 -ISBN [ , ]
    • a
    • ISBN
    • 978-1-4419-1620-4 Find
920 -ISBN [ , ]
    • a
    • ISBN
    • 978-1-4419-1621-1 Find
    • q
    • Dopowiedzenie
    • e-ISBN
Numer inwentarzowy Status udost. Data inwentaryzacji Lokalizacja
N.2021612011-10-10BG